| 000 | 00643nam a22002177a 4500 | ||
|---|---|---|---|
| 003 | OSt | ||
| 005 | 20140310182950.0 | ||
| 008 | 130206t xxu||||| |||| 00| 0 eng d | ||
| 020 | _a9712333353 | ||
| 050 |
_aHM 51 _b.J38 2002 |
||
| 100 | _aJavier, Jessie D. | ||
| 245 |
_aIntroductory sociology and anthropology : _ba pedagogy / _cJessie D. Javier, Rodrigo D. Costales, Dionesio C. Rivas. |
||
| 260 |
_aManila : _bRex Book Store, _c2002. |
||
| 300 |
_axiii, 491 p. : _c23 cm. |
||
| 521 | _aEDU | ||
| 650 | _aAnthropology. | ||
| 650 | _aCulture. | ||
| 650 |
_aPhilippines _xSocial conditions. |
||
| 942 |
_2lcc _cBK _kLOC |
||
| 999 |
_c17892 _d17892 |
||